| 000 | 00919cam a22002774a 4500 | ||
|---|---|---|---|
| 008 | |||
| 020 | _a0750672889 (hpk.) | ||
| 049 | _aMAIN | ||
| 090 |
_aRB147.5 _bMIT |
||
| 245 | 0 | 0 |
_aMitochondrial disorders in neurology 2 / _cedited by Anthony H.V. Schapira and Salvatore DiMauro. |
| 260 |
_aBoston : _bButterworth-Heinemann, _cc2002. |
||
| 300 |
_axv, 304 p. : _bill. ; _c24 cm. |
||
| 440 | 0 |
_aBlue books of practical neurology ; _v26 |
|
| 500 | _aIncludes index. | ||
| 504 | _aIncludes bibliographical references. | ||
| 650 | 0 | _aMitochondrial pathology. | |
| 650 | 1 | 2 | _aMitochondrial Myopathies. |
| 650 | 2 | 2 |
_aNeurodegenerative Diseases _xphysiopathology. |
| 700 | 1 | _aSchapira, Anthony H. V. | |
| 700 | 1 | _aDiMauro, Salvatore. | |
| 907 |
_a.b10361704 _b11-09-15 _c10-09-15 |
||
| 003 | |||
| 005 | 20230120204156.0 | ||
| 040 | _cNUST | ||
| 942 |
_cBOOKS _kRB147.5 _mMIT |
||
| 999 |
_c118494 _d118494 |
||